000 00931nam a2200253Ia 4500
003 OSt
005 20220923213336.0
006 a|||||r|||| 00| 0
007 ta
008 220922b |||||||| |||| 00| 0 hin d
024 _a160,957
037 _cTextual
040 _aARTS
_cARTS
_bhin
041 _2hin
_ahin
082 _aO152,2M50,CH:g, K9
100 _aभारतेन्दु हरिश्चन्द्र; त्रिपाठी, जयशंकर, संपा.
_9163024
245 0 _aचन्द्रावली नटिका
246 _aChandrāvalī naṭikā
250 _aसंस्क0 2
260 _c1969
650 _aहिन्दी साहित्य
_9156264
942 _hO152,2M50,CH:g, K9
_cTEXL
_2CC
999 _c315635
_d315635